| 000 | 00782na a2200241 4500 | ||
|---|---|---|---|
| 001 | 23916 | ||
| 003 | MIRAKIL | ||
| 005 | 20181213155323.0 | ||
| 008 | 180122b tu 000 0 | ||
| 040 |
_aMilas _btur _cTR-AnCHP |
||
| 041 | _atur | ||
| 082 |
_a070.1720956225 _bŞ23s 2005 |
||
| 090 | _a070.1720956225 Ş23s 2005 | ||
| 100 | _aŞahin, Enis | ||
| 245 |
_aSakarya basın tarihi 1919-2004 _cEnis Şahin |
||
| 260 |
_aİstanbul _bSakarya Gazeteciler Cemiyeti Yayınları _c2005 _fMerkez Matbaacılık |
||
| 300 |
_axxxiv, 476 s. _bres. _c27 sm. |
||
| 440 |
_aSakarya Gazeteciler Cemiyeti Yayınları _v6 |
||
| 504 | _aKaynakça var. | ||
| 650 |
_aBasın tarihi _xSakarya (Adapazarı) _y1919-2004 |
||
| 651 |
_aSakarya (Adapazarı) _xBasın _y1919-2004 |
||
| 942 |
_2ddc _cBKS |
||
| 999 |
_c10482 _d10482 |
||